000 00352nam a2200157Ia 4500
003 OSt
005 20240219101241.0
008 170524s9999 xx 000 0 und d
020 _a978-9353166793
040 _cIIMT UNIVERSITY
100 _aSCHILLER BRADLEY R
100 _c2011
245 0 _aMICRO ECONOMICS TODAY
260 _aTMH
942 _2ddc
_c02
999 _c2912
_d2912